000
00265nam a2200109Ia 4500
005
20251222144910.0
008
251222s9999||||xx |||||||||||||| ||spa||
082
_a
339.31/N12
245
0
_a
Un Sistema de Cuentas Nacionales
264
_b
Naciones Unidas
942
_c
LIB
999
_c
22326
_d
22326